| 000 | 01480nam a22002177a 4500 | ||
|---|---|---|---|
| 999 |
_c61584 _d61584 |
||
| 003 | Ge_BSU | ||
| 005 | 20240326140452.0 | ||
| 008 | 240326s2017 ge ||||| |||| 00| 0 geo d | ||
| 022 | _a15120694 | ||
| 041 | _ageo | ||
| 080 | _a008(09) კ-89 | ||
| 245 |
_aკულტურის ისტორიისა და თეორიის საკითხები = The questions of the history and theory of culture _bXXX / _cმთ.რედ. გ. ლორთქიფანიძე, ტომის რედ. მარიკა მშვილდაძე |
||
| 264 |
_aთბილისი : _bივანე ჯავახიშვილის სახელმმწიფო უნივერსიტეტის გმ-ბა, _c2017. |
||
| 300 |
_a229 გვ.: _b19 სმ. |
||
| 653 | _aკულტურის ისტორია. კულტურის თეორია | ||
| 700 |
_aლორთქიფანიძე, გ _eმთავარი რედაქტორი _91484 |
||
| 700 |
_aმშვილდაძე, მარიკა _eტომის რედაქტორი _915413 |
||
| 710 |
_aივ.ჯავახიშვილის სახელობის თბილისის სახელმწიფო უნივერსიტეტი _913839 |
||
| 711 |
_eთსუ ებრაული კულტურისა და იუდაიკის კაბინეტი _921591 |
||
| 942 |
_2udc _cBK |
||